000 00344nam a2200145Ia 4500
008 230917s9999||||xx |||||||||||||| ||und||
040 _e40561
_aMAIN
041 _aEnglish
082 _a823.7 D555N:N
100 _aCopperfield, David
245 0 _aNotes on Charles Dicken
260 _aLondon
_bMethuen
_c1962
300 _a67 p.
942 _cBK
999 _c60419
_d60419